Click the Countries of South America on a Map - Statistics

General Stats
  • This quiz has been taken 590 times
  • The average score is 10 of 12
Answers on the Map
Answers color-coded by a green-red scale on the quiz's map according to % correct below.
 
Answer Stats
Answer % Correct
Brazil
97%
Chile
94%
Argentina
92%
Peru
84%
Bolivia
82%
Colombia
82%
Paraguay
82%
Suriname
81%
Ecuador
80%
Venezuela
80%
Guyana
79%
Uruguay
79%
No matching quizzes found
Score Distribution
Percent of People with Each Score
Percentile by Number Answered
Your Score History
You have not taken this quiz